| 000 | 00779nac a22002171u 4500 | ||
|---|---|---|---|
| 008 | 090105t2004 ii |||||r|||| 001 0 eng d | ||
| 020 | _a0074714031 (pbk.) | ||
| 020 | _a9780070595149 | ||
| 082 |
_a658.044 _bLEN _222 |
||
| 100 |
_aLendrum, Tony. _91606 |
||
| 245 |
_aThe strategic partnering handbook : _bthe practitioners' guide to partnerships and alliances / _cTony Lendrum. |
||
| 250 | _a4th ed. | ||
| 260 |
_aNew Delhi : _bTata McGraw-Hill Pub. Co., _c2004. |
||
| 300 |
_ax, 102 p. : _b ill. ; _c21 cm. |
||
| 500 | _aPrevious ed.: 2000. | ||
| 504 | _aIncludes bibliographical references and index. | ||
| 650 |
_aStrategic alliances (Business) _91602 |
||
| 650 |
_aPartnership _91604 |
||
| 650 |
_aOrganizational change. _9885 |
||
| 942 |
_cBB _k658.044LEN _2ddc |
||
| 999 |
_c1145 _d1145 |
||